Blurry Brand Logos - Statistics

General Stats
  • This quiz has been taken 1,240 times
  • The average score is 12 of 16
Answer Stats
Picture Answer % Correct
Adidas
99%
Youtube
93%
Pepsi
89%
Wendy's
89%
Spotify
87%
Chanel
81%
Playstation
80%
Skype
80%
Jetpunk
78%
Internet Explorer
77%
Reddit
75%
Mazda
70%
American Airlines
66%
Excel
64%
CBS
45%
AOL
23%
No matching quizzes found
Score Distribution
Percent of People with Each Score
Percentile by Number Answered
Your Score History
You have not taken this quiz